| 000 | 00440nam a22001457a 4500 | ||
|---|---|---|---|
| 020 | _a189112109 | ||
| 040 | _cNust | ||
| 082 |
_a621.3848 _bNAT |
||
| 100 |
_aFred E. Nathanson _9124701 |
||
| 110 |
_aJ. patrick Relly,Marvin N. Cohen _9124702 |
||
| 245 |
_aRadar design Principles _bSignals processing environment |
||
| 260 |
_aNew Jersey: _bSCITECH Publishing Inc, _c1999. |
||
| 650 |
_aRadar design Principles _956329 |
||
| 942 |
_2ddc _cBK |
||
| 999 |
_c610505 _d610505 |
||